000
00316nam a2200133Ia 4500
008
150301s2008 xx 000 0 und d
082
_a
157.7
_b
T08R
100
_a
RYCKMAN, RICHERD M
245
_a
THEORIES OF PERSONALTY
250
_a
9TH
260
_b
THOMSON
_a
AUSTRELIA
_c
2008
300
_a
711
942
_2
ddc
_c
BK
_0
2
999
_c
6702
_d
6702